000 00734 am a2200241 a 4500
005 20220913183244.0
008 100702s2001||||mx a f |||| 001 0 spa d
020 _a9701033884
041 _aspa
092 _c618.92
_l6
_sBEH
100 1 _aBehrman, Richard E.
_95
245 _aNelson. Tratado de Pediatría. T.1.
_cBehrman, Richard E.
_nT.1.
250 _a16a ed.
_bRevisión Técnica Angel Hernando Saudan ; María Jesús del Sol Jaquotot y Elena de Terán Bleiberg
260 _aMéxico :
_bMcGraw-Hill Interamericana,
_c2001.
300 _a1-1352 p.
590 _aBaja 2017
653 _aPediatría
700 1 _aKliegman, Robert M.
_94
700 1 _aJenson, Hal B.
_96
930 _a891
930 _a893
942 _2ddc
_cBK
999 _c473
_d473